Hinduiska länder - Statistics

General Stats
  • This quiz has been taken 18 times
  • The average score is 6 of 12
Answer Stats
% Kontinent Svar % Correct
79,8 Asien Indien
100%
81,3 Asien Nepal
72%
12,6 Asien Sri Lanka
67%
27,9 Oceanien Fiji
56%
23,8 Asien Bhutan
44%
50,6 Afrika Mauritius
44%
12,5 Asien Förenade arabemiraten
39%
24,9 Amerika Guyana
39%
24,9 Amerika Surinam
39%
18,2 Amerika Trinidad och Tobago
39%
12,0 Asien Kuwait
33%
15,1 Asien Qatar
33%
No matching quizzes found
Score Distribution
Percent of People with Each Score
Percentile by Number Answered
Your Score History
You have not taken this quiz